000 00910cam a22002893a 4500
001 18857
003 PGUSA
005 20140828083412.0
008 060718s2006||||xxu|||||s|||||000 1 eng d
040 _aPGUSA
_beng
042 _adc
050 4 _aPQ
100 1 _aVerne, Jules,
_d1828-1905
245 1 2 _aA Journey to the Centre of the Earth
_h[electronic resource] /
_cJules Verne
260 _bProject Gutenberg,
_c2006
500 _aEnglish re-write version. See PG#3748 for the authentic translation version.
506 _aPublic domain in the USA.
516 _aElectronic text
653 _aScience fiction
653 _aEarth (Planet) -- Core -- Fiction
653 _aAdventure stories
653 _aVoyages, Imaginary -- Fiction
740 0 _aVoyage au centre de la terre. English
830 0 _aProject Gutenberg
_v18857
856 4 0 _uhttp://www.gutenberg.org/ebooks/18857
942 _cEB
999 _c248112
_d248112